|
|
|
|
| LEADER |
00895naa a2200205 i 4500 |
| 001 |
acta83049 |
| 005 |
20240116122114.0 |
| 008 |
240116s2019 hu o 1|| hun d |
| 040 |
|
|
|a SZTE Egyetemi Kiadványok Repozitórium
|b hun
|
| 041 |
|
|
|a hun
|
| 100 |
1 |
|
|a Kőszeghy Ferenc
|
| 245 |
1 |
0 |
|a Petri György kétféle kultusza
|h [elektronikus dokumentum] :
|b [absztrakt] /
|c Kőszeghy Ferenc
|
| 260 |
|
|
|c 2019
|
| 300 |
|
|
|a 32
|
| 490 |
0 |
|
|a Móra Kárpát-medencei Interdiszciplináris Szakkollégiumi Konferencia
|v 3
|
| 650 |
|
4 |
|a Bölcsészettudományok
|
| 650 |
|
4 |
|a Nyelvek és irodalom
|
| 695 |
|
|
|a Petri György - előadáskivonat, Magyar irodalom - költészet - 20. sz. - előadáskivonat
|
| 711 |
|
|
|a III. Móra Interdiszciplináris Kárpát-medencei Szakkollégiumi Konferencia
|c Szeged
|d 2019. december 6-8.
|
| 856 |
4 |
0 |
|u http://acta.bibl.u-szeged.hu/83049/1/morakonf_2019_032.pdf
|z Dokumentum-elérés
|